| 000 | 00370nam a2200145 a 4500 | ||
|---|---|---|---|
| 001 | 916 | ||
| 003 | CDMR | ||
| 005 | 20130116135159.0 | ||
| 008 | 130130s1999||||||||||||||||||||||||||||d | ||
| 040 |
_aCDMR _bcat _cCPC GIRONA |
||
| 100 | 1 |
_aBru De Sala, Xavier _9716 |
|
| 245 | 1 | 3 |
_aEl descrèdit de la literatura _cBru de Sala, Xavier |
| 260 |
_c1999 _bQuaderns Crema |
||
| 942 | _cMON | ||
| 999 |
_c916 _d916 |
||